000 01281nad a2200349 a 4500
001 MIU01000000000000005426132
003 MiU
005 20231010141113.0
007 cr mnummmmuuuu
008 880715s1982 enkb sb 001 0 eng d
020 _z0198218885 :
024 7 _a2027/heb03128
_2hdl
040 _aMiU
_cMiU
090 _aDP302.C42
_b(INTERNET)
100 1 _aFernández-Armesto, Felipe.
_98242
245 1 4 _aThe Canary Islands after the conquest
_h[electronic resource] :
_bthe making of a colonial society in the early sixteenth century /
_cFelipe Fernández-Armesto.
300 _aix, 244 p. :
_bmaps ;
_c22 cm.
500 _aIncludes index.
504 _aIncludes bibliographical references.
651 0 _aCanary Islands
_xHistory.
_937384
830 0 _aACLS Humanities E-Book.
_937385
856 4 0 _zVolltext
_uhttps://hdl.handle.net/2027/heb03128
942 _cEB
500 _aE-Book-ACLS / Zugriff nur im DHI-Lesesaal
336 _2rdacontent
_btxt
_aText
337 _2rdamedia
_bbc
_aComputermedien
338 _2rdacarrier
_bcr
_aOnline Ressource
264 _aOxford :
_bClarendon Press ;
_cc1982.
490 _aOxford historical monographs
041 _aeng
500 _aAmerican Council of Learned Societies/ https://www.humanitiesebook.org/about/
999 _c65405
_d65405